| Поле | Инд. | ПП | Название | Значение |
|---|---|---|---|---|
| Тип записи | a | |||
| Библиографический уровень | m | |||
| 001 | Контрольный номер | RU/IS/BASE/102273079 | ||
| 005 | Дата корректировки | 20230517113648.2 | ||
| 022 | a | ISSN | 0204-3483 | |
| 041 | a | Код языка текста | rus | |
| 084 | a | Индекс другой классификации/Индекс ББК | 20.117 | |
| 090 | a | Полочн. индекс | 95.2+20 | |
| 097 | 00 | a | 110 | |
| 245 | 00 | a | Заглавие | Инженерная экология |
| b | Продолж. заглавия | научно-аналитический журнал | ||
| c | Ответственность | гл. ред. Н. П. Лаверов | ||
| n | Номер части/ раздела | №5/1999 | ||
| 260 | 00 | a | Место издания | Москва |
| b | Издательство | Инженерная экология | ||
| c | Дата издания | 1999 | ||
| 300 | a | Объем | 80 с. | |
| 500 | 00 | a | Примечание | Журнал |
| 505 | a | Форматированное содержание | Гидроэкология: информационно-моделирующий комплекс управления водными ресурсами бассейна р.Охта | |
| b | Автор | Степанов М. М. | ||
| b | Автор | Волосастов С. Э. | ||
| b | Автор | Скакальский Б. Г. | ||
| b | Автор | Стеценко О. П. | ||
| b | Автор | Чикидовская Н. Д. | ||
| b | Автор | Юровская Т. Н. | ||
| 505 | a | Форматированное содержание | Гидроэкология: к проблеме вторичного загрязнения водных объектов | |
| b | Автор | Бреховских В. Ф. | ||
| b | Автор | Волкова З. В. | ||
| b | Автор | Перекальский В. М. | ||
| 505 | a | Форматированное содержание | Инженерная экология: утилизация гальванических шламов в литейном производстве | |
| b | Автор | Гриневич В. И. | ||
| b | Автор | Костров В. В. | ||
| b | Автор | Чеснокова Т. А. | ||
| 505 | a | Форматированное содержание | Экологическая безопасность атомных электростанций России | |
| b | Автор | Егоров Ю. А. | ||
| b | Автор | Тихомиров Ф. А. | ||
| 505 | a | Форматированное содержание | Экологическая индустрия: численное моделирование экранированных вытяжных устройств систем вентиляции промышленных предприятий | |
| b | Автор | Логачев К. И. | ||
| 505 | a | Форматированное содержание | Экологические проблемы использования подземных вод Кузбасса | |
| b | Автор | Кусковский В. С. | ||
| b | Автор | Кашеваров А. А. | ||
| b | Автор | Рассказов Н. М. | ||
| b | Автор | Рыбакова С. Т. | ||
| 505 | a | Форматированное содержание | Эколого-информационные технологии: моделирование переноса газовой смеси через область, содержащую растительный массив | |
| b | Автор | Бояршинов М. Г. | ||
| 505 | a | Форматированное содержание | Экспресс-информация (экологические технологии и переработка отходов) | |
| b | Автор | Потапов И. И. | ||
| 650 | a | Основная рубрика | экология | |
| 653 | a | Ключевые слова | инженерная экология | |
| 773 | w | Контрольный № источника | RU/IS/BASE/390322566 | |
| 901 | t | Тип документа | s | |
| 952 | a | Тип литературы для КСУ ВШ | НЖ |